| 000 | 01302nam a2200277Ia 4500 | ||
|---|---|---|---|
| 001 | 18158 | ||
| 003 | GE_BSU | ||
| 008 | 181216s||||||||xx |||||||||||||| ||und|| | ||
| 020 | _a978-9941-9102-0-3 | ||
| 040 | _cGE_BSU | ||
| 080 | _a811.353'282 | ||
| 100 | _aფუტკარაძე, ტარიელ., დადიანი,ეკა. ხაჭაპურიძე, ლუიზა | ||
| 245 | _aქართველურ ენა-კილოთა განდასების საკითხები | ||
| 245 | _bXXIX რესპ. დიალექტოლ. სამეცნ. სესიის მოხსენებები | ||
| 250 | _aაკაკი წერეთლის სახელმწ. უნ-ტის ქართ. დიალექტ. ინ-ტი | ||
| 260 | _aთბილისი | ||
| 260 | _bლამპარი | ||
| 260 | _c2009 | ||
| 300 | _a124გვ. ; 20სმ. | ||
| 300 | _eდანართი გვ.120-123 | ||
| 541 | _h5ლ. | ||
| 653 | _aქართველურ ენა-კილოთა განდასების საკითხები | ||
| 653 | _aქართველური ენების დიალექტები | ||
| 653 | _aქართული ენა | ||
| 942 | _cBK | ||
| 999 |
_c51199 _d51199 |
||